| 000 | 00423cam a2200181 4500 | ||
|---|---|---|---|
| 001 | D5639 | ||
| 008 | 090401t1986 xxu||||| |||| 00| 0 eng d | ||
| 035 | _a(Sirsi) u61834 | ||
| 041 | _aeng | ||
| 050 | _a690.2 | ||
| 100 | _aHollis, Malcolm | ||
| 245 | _aModel survey reports | ||
| 260 |
_aLondon _bHenry Stewart Publications _c1986 |
||
| 300 | _a104p. ill. 24cm | ||
| 350 | _a17.5 | ||
| 942 | _n0 | ||
| 948 | _c04/03/1997 | ||
| 999 |
_c94353 _d94353 |
||